O tremendo Tobi (Registo nº 1835)

Detalhes MARC
000 -Etiqueta do registo
Cabeçalho 00814nam a22002651 4500
005 - Identificador da versão
Campo de controlo 20240813121917.0
021 ## - Número do Depósito Legal
Código do país PT
Número 13781/86
100 ## - Dados gerais de processamento
Dados gerais de processamento 20070515d1986 am y0pory5003 ba
102 ## - Pais de publicação ou produção
País de publicação Portugal
101 1# - Língua de publicação
Língua do texto, banda sonora, etc. Português
Língua do documento no original Espanhol
106 ## - Campo de dados codificados: material textual
Dados codificados do material textual r
105 ## - Campo de dados codificados: livros
Dados codificados dos livros a t 000ay
215 ## - Descrição física 
Indicação específica da natureza do documento e extensão da espécie 48 p.
Outras indicações físicas todo il.
Dimensões 29 cm
200 1# - Titulo e menção de responsabilidade
Título próprio O tremendo Tobi
Informação de outro título rumo à aventura
Primeira menção de responsabilidade história e des. Juan Espallardo
Outras menções de responsabilidade trad. Jorge Magalhães
225 2# - Colecção 
Título próprio da colecção Gente pequena
Informação de outro título da colecção  para os mais novos que gostam de BD
Indicação de volume 2
210 ## - Publicação, Distribuição, etc. 
Lugar da edição, distribuição, etc. Lisboa
Nome do editor, distribuidor, etc. Futura
Data da publicação, distribuição, etc. cop. 1986
606 ## - Nome comum usado como assunto
Número de registo de entrada de autoridade 0000255
Palavra de ordem Literatura estrangeira juvenil
Subdivisão de assunto Banda desenhada
675 ## - Classificação Decimal Universal (CDU)
Notação 82-9
Edição
Língua da edição por
702 #1 - Nome de autor-pessoa física (responsabilidade secundária)
Número de registo de entrada de autoridade 0000257
Palavra de ordem Magalhães
Outra parte do nome não tomada para palavra de ordem Jorge
Código de função Tradutor
700 #1 - Nome de autor-pessoa física (responsabilidade principal)
Número de registo de entrada de autoridade 0000357
Palavra de ordem Espallardo
Outra parte do nome não tomada para palavra de ordem Juan
942 ## - Elementos de entrada adicionados (Koha)
Tipo de item no Koha Livro
Exemplares
Situação do levantamento Origin of item (home branch) (coded) Biblioteca de empréstimo Código de barras Cota Circulation type (not for loan) Tipo de documento Nota do exemplar Damaged status
  Biblioteca Escolar da Coca Maravilhas Biblioteca Escolar da Coca Maravilhas BECM79/90 8BD TOB   Livro Sem mensagem